LEADER 01006nam a2200253 i 4500 001 000000171536 003 CaOOAMICUS 005 20080505000000.0 008 080505s1969 it u000 u ita u 013 $a148967 040 $aSeMil$bita 100 1 $aLai, Benny <1925-2013>.$0(OLS)http://semarc/name/22682 245 10$aMontini /$cDi Benny Lai. 260 $aMilano :$bLonganesi & C.,$ccopyr. 1969. 300 $a214 p., tre tavole fuori testo ;$c19 cm. 490 0 $aGente famosa ;$vVolume18 600 04$aPaolo VI .$0(OLS)http://semarc/subject/713 600 14$aMontini, Giovanni Battista <1897-1978>.$0(OLS)http://semarc/subject/15986 830 0$aGente famosa ;$vVolume18.$0(OLS)http://semarc/title/21139 850 $aSeMil 852 $aSeMil$W1$xVenegono$y1$m3A I 33$j122405$B122405$CSeMilBibl$Z2$F134753 $81 961 $aOmaggio: Altro 996 $6245$aMontini$9(OLS)http://semarc/title/245409 996 $6260$aMilano :$bLonganesi & C.$9(OLS)http://semarc/publisher/31590 LEADER 00857nam a2200205 i 4500 001 000000192510 003 CaOOAMICUS 005 20100921000000.0 008 100921n it u000 u ita u 013 $a171091 040 $aSeMil$bita 100 1 $aAthenagoras : Atheniensis .$0(OLS)http://semarc/name/16699 245 13$aLa supplica per i cristiani /$cAtenagora ; tradotta da Paolo Ubaldi. 260 $aTorino :$bLibreria Editrice Internazionale,$c[19--?] 300 $a97 p. ;$c23 cm. 700 1 $aUbaldi, Paolo,$c.$0(OLS)http://semarc/name/9069 850 $aSeMil 852 $aSeMil$W1$xVenegono$y1$m2U V 59$j143085$B143085$CSeMilBibl$Z2$F154470 $81 996 $6245$aLa supplica per i cristiani$9(OLS)http://semarc/title/268889 996 $6260$aTorino :$bLibreria Editrice Internazionale$9(OLS)http://semarc/publisher/38020